000
00224 a2200097 4500
001
18020
100
_a
Rizvi, H A
245
_a
Military & politics inPakistan
260
_a
_b
Progressive Publishers
_c
090
_c
13324
_d
13324
942
_a
NUST-CAE
_c
M
_c
3697
999
_c
253093
_d
253093